[Event "St Petersburg Korchnoi Memorial op"]
[Site "St Petersburg"]
[Date "2024.08.20"]
[Round "6"]
[White "Maslennikov, Dmitriy Aleksey"]
[Black "Konyaev, Kirill Andr"]
[Result "0-1"]
[WhiteElo "1552"]
[BlackElo "1797"]
[PlyCount "80"]
[EventDate "2024.08.17"]
[EventType "swiss"]
[EventRounds "9"]
[EventCountry "RUS"]
[SourceTitle "EXT 2025"]
[Source "ChessBase"]
[SourceDate "2024.10.14"]
[SourceVersion "1"]
[SourceVersionDate "2024.10.14"]
[SourceQuality "1"]

1. e4 c5 2. Nf3 d6 3. d4 cxd4 4. Nxd4 Nf6 5. Nc3 a6 6. Bg5 e6 7. f3 h6 8. Be3 h5 9. Qd2 Nbd7 10. 0-0-0 b5 11. a3 Bb7 12. Be2 Nc5 13. Kb1 Rc8 14. Bf2 Be7 15. Qe3 Qc7 16. h3 h4 17. g4 g6 18. g5 Nfd7 19. Rc1 e5 20. Nb3 Ne6 21. Rcg1 Ndc5 22. Qd2 Nf4 23. Be3 Nce6 24. Nd5 Bxd5 25. exd5 Nxd5 26. Qxd5 Qxc2+ 27. Ka1 Qxe2 28. Re1 Qc4 29. Qb7 Nd8 30. Qxa6 Rc6 31. Qa7 Qxb3 32. f4 Qa4 33. Qb8 e4 34. Rd1 0-0 35. f5 gxf5 36. Rhg1 Qa6 37. Rd5 f4 38. g6 fxg6 39. Rxg6+ Kf7 40. Rh6 fxe3 0-1

[Event "St Petersburg Korchnoi Memorial op"]
[Site "St Petersburg"]
[Date "2024.08.19"]
[Round "5"]
[White "Konyaev, Kirill Andr"]
[Black "Fedorov, Vladimir3"]
[Result "1/2-1/2"]
[WhiteElo "1797"]
[BlackElo "1597"]
[PlyCount "82"]
[EventDate "2024.08.17"]
[EventType "swiss"]
[EventRounds "9"]
[EventCountry "RUS"]
[SourceTitle "EXT 2025"]
[Source "ChessBase"]
[SourceDate "2024.10.14"]
[SourceVersion "1"]
[SourceVersionDate "2024.10.14"]
[SourceQuality "1"]

1. c4 e5 2. g3 c6 3. d4 e4 4. d5 Bb4+ 5. Bd2 Qe7 6. a3 Bxd2+ 7. Qxd2 Nf6 8. Nc3 0-0 9. Bg2 d6 10. e3 Nbd7 11. Nge2 Nc5 12. Nc1 cxd5 13. cxd5 Qe5 14. 0-0 a5 15. Qd4 Re8 16. Nb5 Qe7 17. Rb1 Qd7 18. Nc3 a4 19. b4 axb3 20. Nxb3 b6 21. Nd2 Ba6 22. Rfd1 Bd3 23. Rxb6 Rxa3 24. Bf1 Rxc3 25. Qxc3 Nxd5 26. Qa5 Nxb6 27. Qxb6 Qd8 28. Qc6 g6 29. Bxd3 exd3 30. Nc4 Re6 31. Qb5 Qc7 32. Nb2 d2 33. Qc4 d5 34. Qc2 Qa5 35. Qxd2 Qxd2 36. Rxd2 Rd6 37. Nc4 Ne4 38. Nxd6 Nxd2 39. Ne8 d4 40. exd4 Nf3+ 41. Kg2 Nxd4 1/2-1/2

[Event "St Petersburg Korchnoi Memorial op"]
[Site "St Petersburg"]
[Date "2024.08.18"]
[Round "3"]
[White "Konyaev, Kirill Andr"]
[Black "Khajrutdinov, Ildar"]
[Result "0-1"]
[WhiteElo "1797"]
[BlackElo "2018"]
[PlyCount "70"]
[EventDate "2024.08.17"]
[EventType "swiss"]
[EventRounds "9"]
[EventCountry "RUS"]
[SourceTitle "CBM 221 Extra"]
[Source "ChessBase"]
[SourceDate "2024.09.30"]
[SourceVersion "1"]
[SourceVersionDate "2024.09.30"]
[SourceQuality "1"]

1. c4 c5 2. g3 Nc6 3. Bg2 Nf6 4. Nc3 g6 5. a3 Bg7 6. Rb1 0-0 7. b4 cxb4 8. axb4 a5 9. b5 Nb4 10. Ba3 d5 11. Bxb4 axb4 12. Rxb4 Qd6 13. Ra4 Be6 14. d4 dxc4 15. e3 Bf5 16. Bxb7 Rxa4 17. Qxa4 e5 18. Qxc4 exd4 19. exd4 Qe7+ 20. Nge2 Qxb7 21. Qc6 Qxc6 22. bxc6 Ne4 23. Nd5 Nd6 24. Ne7+ Kh8 25. Nxf5 Nxf5 26. d5 Ne7 27. Nf4 Be5 28. 0-0 Bxf4 29. gxf4 Nxd5 30. Rb1 Rc8 31. Rb5 Nxf4 32. Rb7 Kg7 33. c7 Ne6 34. f4 Rxc7 35. f5 Rxb7 0-1